| 000 | 00588 a2200217 4500 | ||
|---|---|---|---|
| 001 | 22588 | ||
| 999 |
_c22588 _d9249 |
||
| 003 | TR-AnTOB | ||
| 005 | 20190408213327.0 | ||
| 008 | 041102s1997 tu tur | ||
| 020 | _a9754981108 | ||
| 041 | _atur | ||
| 050 |
_aHC103 _b.E83 1997 |
||
| 090 | _aHC103 .E83 1997 | ||
| 100 |
_aEtçioğlu, Erkal _916044 |
||
| 245 | 0 |
_aYap-işlet-devret modeli ve Türkiye uygulamasının analizi / _cErkal Etçioğlu. |
|
| 264 | 1 |
_aİstanbul : _bTürk Dünyası Araştırmaları Vakfı, _c1997 |
|
| 300 | _a114 p. ; | ||
| 500 | _aBibliography: p. 78-80. | ||
| 902 | _a0005844 | ||
| 942 | _cBK | ||